| 000 | 00456nam a2200181 4500 | ||
|---|---|---|---|
| 001 | 3158 | ||
| 005 | 20181127170609.0 | ||
| 010 | 0 | 0 | _a |
| 020 | 0 | 0 | _a9789993683209 |
| 090 | 0 | 0 | _a828.995498 P577a |
| 100 | 0 | 0 | _aPhuntsho, Gelay. |
| 245 | 0 | 0 |
_aAt the other end of the rainbow : _bCollection of short stories / _cGelay Phuntsho. _h |
| 250 | 0 | 0 | _a |
| 260 | 0 | 0 |
_aThimphu : _bDSB Publishing, _cn.d. |
| 300 | 0 | 0 | _a130 p. |
| 500 | 0 | 0 | _a |
| 650 | 0 | 0 |
_aBhutan --Fiction. _x |
| 999 |
_c2547 _d2547 |
||